Music Quiz

Random Music or Rap Quiz

Wu-Tang Clan Original 9 Quiz Stats

 Plays Quiz Updated Feb 15, 2019

     
Support Sporcle.
Go Orange.
Score 0/9 Timer 02:00
0 Plays Today
% Correct
Method Man
90.1%
Ol' Dirty Bastard
89.8%
The RZA
86.6%
GZA
81.7%
Ghostface Killah
67%
Raekwon
63.9%
U-God
49.1%
Inspectah Deck
48.9%
Masta Killa
35.8%

From the Vault

TIME Cover Stories: Athletes

by hatefulmissy

Sports 6m
These athletes sure have a lot of TIME on their hands.
Remove Ads.
Support Sporcle.
Get the best of Sporcle when you Go Orange. This ad-free experience offers more features, more stats, and more fun while also helping to support Sporcle. Thank you for becoming a member.

Show Comments

Extras

Top Quizzes Today


Score Distribution

Your Account Isn't Verified!

In order to create a playlist on Sporcle, you need to verify the email address you used during registration. Go to your Sporcle Settings to finish the process.

Report this User

Report this user for behavior that violates our Community Guidelines.

Details: